00413cam a2200145ua 450000100060000000800390000604000090004508200100005410000320006424500640009625000130016026000400017330000100021365300440022310703190327n ii |||gr||||Z||||||eng cMAIN a155.4 aGeorge G Thompson,eAuthor. aChild psychologybgrowth trends in psychological adjustment a7th rep. aDelhi:bSurjeet publication,c2013. a714p. aDifferential & developmental psychology